00678nam a2200205 i 450000100060000000300090000600500170001500700030003200800410003524501320007626000630020830000210027171000410029274000170033374000270035074000260037774000230040374000220042685200240044876254ES-MaACL20230906172754.0t|040930s1929 ne ||||1| ger d00aNie wieden krieg! b: = No more war! = Plus jamais de guerre! = Nunca jamás guerra! = Novit meer oorlog! = Aldrig mere krig!. aAmsterdam : bFederación Sindical Internacional, c1929. a64 p. ; c23 cm.2 aFederación Sindical Internacional.0 aNo more war!0 aPlus jamais de guerre!0 aNunca jamás guerra!0 aNovit meer oorlog!0 aAldrig mere krig! aES-MaACLj1740-F-14